000 00348nam a2200133Ia 4500
008 240624s9999 xx 000 0 und d
041 _aeng
082 _a658.3 ARM
100 _aARMSTRONG MICHAEL
245 _aHANDBOOK OF STRATEGIC HRM
260 _c2006
_aMumbai
_bJaico Publishing House
300 _axxii, : 257 : p. : cm. ; 24
365 _cRS
_b30
999 _c5485
_d5485